Statistics for Highest Grossing Movies of 2006

Click here to take the quiz!

General Stats

  • This quiz has been taken 49 times
  • The average score is 9 of 59

Answer Stats

RankGrossMovieCompany% Correct
1$1,066,200,000Pirates of the Caribbean: Dead Man's ChestWalt Disney Pictures
71%
6$462,200,000CarsDisney – Pixar
67%
9$391,100,000Superman ReturnsWarner Bros. – DC Comics
57%
7$459,400,000X-Men: The Last Stand20th Century Fox – Marvel Studios
57%
5$574,500,000Night at the Museum20th Century Fox
48%
4$599,000,000Casino RoyaleMetro-Goldwyn-Mayer – Columbia
43%
3$660,900,000Ice Age: The Meltdown20th Century Fox – Blue Sky Studios
43%
8$397,900,000Mission: Impossible IIIParamount Pictures
38%
14$291,500,000The DepartedWarner Bros. Pictures
38%
32$158,500,000The Fast and the Furious: Tokyo DriftUniversal Pictures
33%
25$178,000,000Flushed AwayParamount Pictures – DreamWorks
29%
10$384,300,000Happy FeetWarner Bros. Pictures
24%
55$109,700,000The PrestigeWarner Bros. – Touchstone
24%
13$307,100,000The Pursuit of HappynessColumbia Pictures
24%
17$237,700,000ClickColumbia Pictures
19%
16$249,500,000EragonFox 2000 Pictures
19%
21$184,400,000Inside ManUniversal Pictures
19%
11$336,000,000Over the HedgeParamount Pictures – DreamWorks
19%
33$155,000,000Rocky BalboaMetro-Goldwyn-Mayer – Columbia
19%
48$117,700,000Final Destination 3New Line Cinema
14%
28$163,800,000Miami ViceUniversal Pictures
14%
20$197,300,000Open SeasonColumbia – Sony Pictures
14%
27$164,800,000Saw IIILionsgate
14%
24$178,300,000Scary Movie 4The Weinstein Company – Miramax
14%
2$758,200,000The Da Vinci CodeColumbia Pictures
14%
26$171,400,000Blood DiamondWarner Bros. Pictures
10%
15$262,000,000Borat! Cultural Learnings of America for Make Benefit Glorious Nation of KazakhstanFox 2000 Pictures
10%
23$180,600,000Déjà VuTouchstone Pictures
10%
59$100,500,000Little Miss SunshineFox Searchlight Pictures
10%
37$140,200,000Monster HouseColumbia Pictures
10%
22$181,700,000PoseidonWarner Bros. Pictures
10%
12$326,500,000The Devil Wears PradaFox 2000 Pictures
10%
47$119,500,000The Omen20th Century Fox
10%
31$158,900,000The Pink PantherMetro-Goldwyn-Mayer – Columbia
10%
56$107,900,000Arthur and the InvisiblesMetro-Goldwyn-Mayer – Weinstein
5%
34$154,800,000DreamgirlsParamount Pictures – DreamWorks
5%
42$128,400,000Failure to LaunchParamount Pictures
5%
44$122,400,000Nanny McPheeUniversal – Metro-Goldwyn-Mayer
5%
19$205,100,000The HolidayColumbia Pictures
5%
43$123,400,000The QueenMiramax Films
5%
53$110,800,000The Santa Clause 3: The Escape ClauseWalt Disney Pictures
5%
40$132,500,000V for VendettaWarner Bros. – DC Comics
5%
41$130,400,000You, Me and DupreeUniversal Pictures
5%
45$120,700,000ApocalyptoTouchstone Pictures
0%
39$135,300,000BabelParamount Vantage
0%
49$116,500,000Barnyard: The Original Party AnimalsParamount Pictures – Nickelodeon
0%
38$138,300,000Big Momma's House 220th Century Fox
0%
35$144,900,000Charlotte's WebParamount Pictures – Nickelodeon
0%
46$120,500,000Eight BelowWalt Disney Pictures
0%
36$141,700,000Garfield: A Tail of Two Kitties20th Century Fox
0%
54$110,000,000Hoodwinked!The Weinstein Company
0%
58$101,600,000Little ManColumbia Pictures
0%
51$114,200,000Step UpTouchstone – Summit Entertainment
0%
29$163,000,000Talladega Nights: The Ballad of Ricky BobbyColumbia Pictures
0%
18$205,700,000The Break-UpUniversal Pictures
0%
50$115,000,000The Lake HouseWarner Bros. Pictures
0%
57$102,300,000The WildWalt Disney Pictures
0%
52$113,400,000Underworld: EvolutionScreen Gems
0%
30$163,000,000World Trade Center20th Century Fox – Paramount
0%

Score Distribution

Percentile by Number Answered

Percent of People with Each Score

Your Score History

You have not taken this quiz